00594nam a2200145Ia 4500008004100000024006000041082001800101100007400119245004600193260002600239600002100265650003800286856010700324999001700431260210s9999 xx 000 0 und d a15B-023-CS, 15B-094-CS, 15B-061-CS & 15B-040-CS a004.72072 MUH aMuhammad Anas Khan, Arham Ahmed, Mansoor Asad & Hafiz Hamza Imdad 0aAnytime Order Household Goods (CODE BOOK) aKarachi:bUITU,c2015 aComputer Science aBachelor of Computer Science (BS) uhttps://drive.google.com/file/d/1VsaZHrCT5xmf4jO2qKTqtUttXkXZhnBn/view?usp=sharingyClick here for PDF c32333d32333